Knižnice a vedecké informácie Dvojmesačník

Saved in:
Bibliographic Details
Format: Serial
Language:Slovak
Published: Martin Matica slovenská 1988
Tags: Add Tag
No Tags, Be the first to tag this record!

MARC

LEADER 00000nas2a2200000 4500
001 s026563
005 20260121102041.1
041 0 |a slo 
044 |a SK 
245 1 0 |a Knižnice a vedecké informácie  |b Dvojmesačník 
264 1 |a Martin  |b Matica slovenská  |c 1988 
773 0 |w eu_un_cat*s120880